000 00416nam a2200181Ia 4500
005 20240930035516.0
008 240331s9999 xx 000 0 und d
020 _a955573352X
082 _bRAJ
_a808
100 _aRajakarunanayake, S
245 0 _aSambol
260 _aNugegoda
_bSarasavi Publishers
_c2005
300 _a223 p .,
650 _aWomen
650 _aShort Story
650 _aPolitics
942 _cL
999 _c3120
_d3120